| 000 | 00392nam a2200145Ia 4500 | ||
|---|---|---|---|
| 008 | 190920s9999||||xx |||||||||||||| ||und|| | ||
| 020 | _a97800704470004 | ||
| 082 |
_a004 _bMIL/O |
||
| 100 | _aMilenkovic, Milan | ||
| 245 | 0 | _aOperating Systems: Concept and Design CS-13 | |
| 250 | _a2nd Edition | ||
| 260 |
_aNew Delhi _bTata McGraw-Hill Publishing Co. _c2003 |
||
| 300 | _a755p. | ||
| 942 | _cBK | ||
| 999 |
_c7344 _d7344 |
||